| 000 | 00852nam a22002417a 4500 | ||
|---|---|---|---|
| 005 | 20130923143708.0 | ||
| 010 | _aENG-106565 | ||
| 020 |
_a0198081723 _c725.00 |
||
| 020 |
_a9780198081722 _c725.00 |
||
| 035 | _aEN-90098 | ||
| 035 | _aB-512629 | ||
| 037 | _bDBAD / PUB | ||
| 037 | _bBSB/Ven | ||
| 082 | _a322.420954 | ||
| 100 | _aRoy, Srila | ||
| 245 |
_aRemembering revolution : _cby Srila Roy _bgender, violence, and subjectivity in India's naxalbari movement / |
||
| 260 |
_aNew Delhi _bOxford University Press _c2012 |
||
| 270 |
_aYMCA Library Building, Jai Singh Road _bNew Delhi _e110001 |
||
| 300 |
_aix, 252p. _c22cm(Hb) |
||
| 500 | _aIncludes bibliographical references and index | ||
| 942 |
_2ddc _cEN _mROY _h322.420954 |
||
| 999 |
_c72963 _d72963 |
||